01467nam a22001577a 4500008004100000020001700041050001500058100002300073245007700096250001200173260004800185300003100233500003300264505098800297700002401285151029b xxu||||| |||| 00| 0 eng d a978133279082 aRT42.M2466 aMAVILLE, Janice A. aHealth promotion in nursing. /cJanice A. Maville and Carolina G. Huerta a3rd ed. aSingapore:bDelmar Cengage Learning,c2008. axix, 506p.:bills.;c28cm. aIncludes glossary and index. aContent: Conceptual foundations and theoretical approaches: Health promotion: Past, present, and future -- Nursing concepts and health promotion -- Theoretical foundations of health promotion -- The role of the nurse in health promotion -- Factors influencing health promotion: Communication -- Cultural considerations -- Environmental considerations -- Environmental factors -- The mind-body-spirit connection -- Promoting health throughout the life cycle: Promoting mother, infant, and toddler health -- The child -- The adolescent and young adult -- The middle-aged adult -- The older adult -- Health promotion through end-of-life -- Health-promotion strategies and interventions: Embracing proper nutrition -- Engaging in physical fitness -- Controlling weight -- Avoiding tobacco, alcohol, and substance abuse -- Enhancing holistic care -- Health-promotion concerns: Concerns of the health professional -- Economic and quality concerns -- Ethical, legal, and political concerns. aHUERTA, Carolina G.